<?xml version="1.0" encoding="UTF-8"?>
<record
    xmlns:xsi="http://www.w3.org/2001/XMLSchema-instance"
    xsi:schemaLocation="http://www.loc.gov/MARC21/slim http://www.loc.gov/standards/marcxml/schema/MARC21slim.xsd"
    xmlns="http://www.loc.gov/MARC21/slim">

  <leader>01239nam a22001697a 4500</leader>
  <datafield tag="952" ind1=" " ind2=" ">
    <subfield code="0">0</subfield>
    <subfield code="1">0</subfield>
    <subfield code="2">lcc</subfield>
    <subfield code="4">0</subfield>
    <subfield code="7">0</subfield>
    <subfield code="a">08</subfield>
    <subfield code="b">08</subfield>
    <subfield code="d">2019-03-07</subfield>
    <subfield code="l">0</subfield>
    <subfield code="o">JL1254  SA161 2005</subfield>
    <subfield code="p">08 006913</subfield>
    <subfield code="r">2019-04-06</subfield>
    <subfield code="t">1</subfield>
    <subfield code="w">2019-04-06</subfield>
    <subfield code="y">LB</subfield>
  </datafield>
  <datafield tag="999" ind1=" " ind2=" ">
    <subfield code="c">104038</subfield>
    <subfield code="d">104038</subfield>
  </datafield>
  <controlfield tag="008">190406s2005    mx ||||| |||| 00| 0 spa d</controlfield>
  <datafield tag="020" ind1=" " ind2=" ">
    <subfield code="a">9707016752</subfield>
  </datafield>
  <datafield tag="050" ind1="0" ind2="4">
    <subfield code="a">JL1254 </subfield>
    <subfield code="b">SA161 2005</subfield>
  </datafield>
  <datafield tag="100" ind1=" " ind2=" ">
    <subfield code="a">Salazar Abaroa, Enrique Armando</subfield>
    <subfield code="e">autor</subfield>
  </datafield>
  <datafield tag="245" ind1="1" ind2="3">
    <subfield code="a">Derecho pol&#xED;tica parlamentario </subfield>
    <subfield code="b">: principios, valores y fines</subfield>
    <subfield code="c">/ Enrique Armando Salazar Abaroa</subfield>
  </datafield>
  <datafield tag="260" ind1=" " ind2=" ">
    <subfield code="a">M&#xE9;xico</subfield>
    <subfield code="b">: H. C&#xE1;mara de Diputados LIX Legislatura, Porr&#xFA;a</subfield>
    <subfield code="c">, 2005</subfield>
  </datafield>
  <datafield tag="300" ind1=" " ind2=" ">
    <subfield code="a">487 p&#xE1;ginas</subfield>
  </datafield>
  <datafield tag="505" ind1=" " ind2=" ">
    <subfield code="a">Estado de derecho laboral cl&#xE1;sico
Estudio sobre el derecho pol&#xED;tico parlamentario
El legislador Jano, relaciones del derecho pol&#xED;tico parlamentario con otras ciencias
La facultad legislativo del congreso
Las facultades de control y colaboraci&#xF3;n del poder lesgislativo y sus &#xF3;rganos
Partidos pol&#xED;ticos, parlamentos y grupos parlamentarios
Estructura, Organizaci&#xF3;n y funcionamiento de los &#xF3;rganos del poder legislativo
Apuntes de derecho pol&#xED;tico parlamentario comparado principios, valores, derechos, reglas y fines
Ep&#xED;logo
Ley Org&#xE1;nica del congreso general de los Estados Unidos Mexicanos
Ley Org&#xE1;nica del poder legislativo del estado de Colima
</subfield>
  </datafield>
  <datafield tag="519" ind1=" " ind2=" ">
    <subfield code="a">Material Complementario / </subfield>
    <subfield code="d">(08 006913)
</subfield>
  </datafield>
  <datafield tag="650" ind1=" " ind2="0">
    <subfield code="a">Poder legislativo</subfield>
  </datafield>
  <datafield tag="942" ind1=" " ind2=" ">
    <subfield code="c">LB</subfield>
  </datafield>
</record>
